| 000 | 004390000a22001810004500 | ||
|---|---|---|---|
| 003 | MACL | ||
| 005 | 20151025104833.0 | ||
| 008 | 151025b xxu||||| |||| 00| 0 eng d | ||
| 040 |
_aMACL _cMACL |
||
| 041 | _aEnglish | ||
| 082 | _a954 | ||
| 100 |
_aRay, Rajat _916545 |
||
| 245 | _aUrban Roots Of Indian Nationalism | ||
| 260 |
_bVikas Publishing House _c1986 _aDelhi |
||
| 350 | _a125 | ||
| 650 |
_aHistory _916546 |
||
| 942 |
_cBK _k954 _2ddc |
||
| 999 |
_c6331 _d6331 |
||